000 00681nam a2200217Ii 4500
001 3797
003 CO-ViMGA
008 241108s9999||||xx |||||||||||||| ||und||
020 _a9586430154
040 _aCO-ViMGA
_bspa
_erda
_cCO-ViMGA
041 0 _aspa
082 0 4 _a350.861 A129co
100 1 _aEduardo Acevedo Latorre
_946239
245 1 0 _aColaboradores de Santander en la Organización de la República
264 1 _aBogotá, Colombia : Fundación Francisco de Paula Santander, 1988
300 _avolumen
336 _atext
_btxt
_2rdacontent
337 _aunmediated
_bn
_2rdamedia
338 _avolume
_bnc
_2rdacarrier
940 _aidficha_siabuc: 3708. -- ficha_no_siabuc:3797
999 _c40797
_d40797